Yuriria /

El templo es considerado excepcional por su portada , su riqueza decorativa y la presencia de indígenas en los paños a los lados de la ventana del coro; el estudio trata acerca del estilo arquitectónico.

Guardado en:
書目詳細資料
主要作者: Gorbea Trueba, José (autor)
格式: 圖書
語言:西班牙语
叢編:(Dirección de Monumentos Coloniales ; 9)
主題:
標簽: 添加標簽
沒有標簽, 成為第一個標記此記錄!

MARC

LEADER 00000nam^a2200000^a^4500
001 000128302
005 20250521000000.0
009 20260310094833.98
037 |a Acervo ITESO - Biblioteca 
041 |a ESP 
082 |a 720. 9724103  |b GOR 
100 |a Gorbea Trueba, José  |e (autor) 
245 1 0 |a Yuriria /  |c J. Gorbea Trueba. 
264 |a México :  |b INAH, Dirección de Monumentos Coloniales,  |c 1960 
300 |a 40 p. 
336 |a texto  |b txt  |2 rdacontenido 
337 |a sin mediación  |b n  |2 rdamedio 
338 |a volumen  |b nc  |2 rdasoporte 
440 1 |a (Dirección de Monumentos Coloniales ;  |v 9) 
520 |a El templo es considerado excepcional por su portada , su riqueza decorativa y la presencia de indígenas en los paños a los lados de la ventana del coro; el estudio trata acerca del estilo arquitectónico. 
649 |a XX 
650 |a Templos Cristianos -  |z Yuriria, Guanajuato 
650 |a Conventos y Monasterios -  |z Yuriria, Guanajuato 
650 |a Arquitectura Religiosa 
650 |a Arquitectura Virreinal -  |z México 
650 |a Arquitectura Mexicana 
650 |a Arte Religioso 
650 |a Arte Virreinal -  |z México 
650 |a Arte Mexicano 
910 |a Fondo Salvador Reynoso Reynoso 
920 |a Impresos - Libros 
930 |a Fondos Especiales 
905 |a 112 
901 |a 0800010239  |b IT2  |c ESP  |u 20250521 
902 |a https://opac.biblio.iteso.mx/vufind/Record/000128302